| Tag |
First Indicator |
Second Indicator |
Subfields |
| LEADER |
00000cam a2200000Ii 4500 |
| 001 |
in00003607549 |
| 006 |
m o d |
| 007 |
cr cnu|||unuuu |
| 008 |
160222s2016 enk ob 001 0 eng d |
| 005 |
20250816204939.6 |
| 020 |
|
|
|a 9781317351610
|q electronic bk.
|
| 020 |
|
|
|a 1317351614
|q electronic bk.
|
| 020 |
|
|
|z 9781138957145
|
| 024 |
8 |
|
|a 40025778017
|
| 035 |
|
|
|a (NhCcYBP)ebl4415696
|
| 040 |
|
|
|a NhCcYBP
|c NhCcYBP
|d UtOrBLW
|
| 050 |
|
4 |
|a GV943.9.T7
|b S94 2016
|
| 072 |
|
7 |
|a GAM
|x 004050
|2 bisacsh
|
| 072 |
|
7 |
|a SPO
|x 068000
|2 bisacsh
|
| 072 |
|
7 |
|a SPO
|x 012000
|2 bisacsh
|
| 072 |
|
7 |
|a SPO
|x 019000
|2 bisacsh
|
| 072 |
|
7 |
|a SPO
|x 033000
|2 bisacsh
|
| 072 |
|
7 |
|a TRV
|x 026080
|2 bisacsh
|
| 082 |
0 |
4 |
|a 796.334
|2 23
|
| 100 |
1 |
|
|a Swinnen, Bram,
|e author.
|0 http://id.loc.gov/authorities/names/n2015051129
|
| 245 |
1 |
0 |
|a Strength training for soccer /
|c Bram Swinnen.
|
| 264 |
|
1 |
|a Milton Park, Abingdon, Oxon ;
|a New York, NY :
|b Routledge,
|c 2016.
|
| 300 |
|
|
|a 1 online resource.
|
| 336 |
|
|
|a text
|b txt
|2 rdacontent
|
| 337 |
|
|
|a computer
|b c
|2 rdamedia
|
| 338 |
|
|
|a online resource
|b cr
|2 rdacarrier
|
| 588 |
0 |
|
|a Online resource; title from PDF title page (EBSCO, viewed February 23, 2016).
|
| 504 |
|
|
|a Includes bibliographical references and index.
|
| 500 |
|
|
|a Electronic resource.
|
| 650 |
|
0 |
|a Soccer
|x Training.
|0 http://id.loc.gov/authorities/subjects/sh85123893
|
| 650 |
|
0 |
|a Muscle strength.
|0 http://id.loc.gov/authorities/subjects/sh85088685
|
| 655 |
|
7 |
|a Electronic books.
|2 local
|
| 710 |
2 |
|
|a Ebook Library.
|0 http://id.loc.gov/authorities/names/no2011007422
|
| 856 |
4 |
0 |
|u https://ebookcentral.proquest.com/lib/tamucs/detail.action?docID=4415696
|y Connect to the full text of this electronic book
|t 0
|
| 945 |
|
|
|a machinegen
|
| 955 |
|
|
|a YBP purchased approval e-records
|
| 980 |
|
|
|b 225.00
|g 1
|
| 987 |
|
|
|a ybp12856240
|
| 999 |
f |
f |
|s 1e364d52-b778-3d35-a8ac-f06ad0904584
|i 643bcd76-6e57-3b3d-ab93-4467f1cef265
|t 0
|
| 952 |
f |
f |
|a Texas A&M University
|b College Station
|c Electronic Resources
|d Available Online
|t 0
|e GV943.9.T7 S94 2016
|h Library of Congress classification
|
| 998 |
f |
f |
|a GV943.9.T7 S94 2016
|t 0
|l Available Online
|